[Event "Quebec op U2000"]
[Site "Ste-Foy CAN"]
[Date "2017.08.14"]
[Round "4.34"]
[White "Richard, Leo"]
[Black "Gauthier, Luc"]
[Result "1-0"]
[WhiteElo "1734"]
[BlackElo "1696"]
[WhiteFideId "-1"]
[WhiteFideId "-1"]
[PlyCount "47"]
[GameId "2160767908347355"]
[EventDate "2017.08.12"]
[EventType "swiss"]
[EventRounds "9"]
[EventCountry "CAN"]
[SourceTitle "EXT 2022"]
[Source "ChessBase"]
[SourceDate "2021.10.06"]
[SourceVersion "1"]
[SourceVersionDate "2021.10.06"]
[SourceQuality "1"]

1. d4 d5 2. c4 Nc6 3. Nc3 Nf6 4. Nf3 dxc4 5. e3 Bg4 6. Bxc4 e6 7. O-O a6 8. Be2 Be7 9. a3 O-O 10. h3 Bh5 11. Qc2 Bg6 12. Bd3 Bxd3 13. Qxd3 Re8 14. Rd1 Bf8 15. e4 h6 16. Ne5 Nb8 17. Qg3 Nh5 18. Qf3 Nf6 19. Qg3 Nh5 20. Qf3 Nf6 21. Bf4 Nbd7 22. Nxd7 Qxd7 23. Bxh6 Qe7 24. Bg5 1-0

[Event "Quebec op U2000"]
[Site "Ste-Foy CAN"]
[Date "2017.08.15"]
[Round "5"]
[White "Gauthier, Luc"]
[Black "Bolduc, Olivier"]
[Result "1-0"]
[WhiteElo "1695"]
[BlackElo "1593"]
[WhiteFideId "-1"]
[WhiteFideId "-1"]
[PlyCount "53"]
[GameId "2160767908347356"]
[EventDate "2017.08.12"]
[EventType "swiss"]
[EventRounds "9"]
[EventCountry "CAN"]
[SourceTitle "EXT 2022"]
[Source "ChessBase"]
[SourceDate "2021.10.06"]
[SourceVersion "1"]
[SourceVersionDate "2021.10.06"]
[SourceQuality "1"]

1. e4 c6 2. d4 d5 3. exd5 cxd5 4. Bd3 Nc6 5. c3 Nf6 6. Bf4 Bg4 7. Qb3 Qd7 8. Nd2 e6 9. Ngf3 a6 10. O-O b5 11. h3 Bxf3 12. Nxf3 Na5 13. Qc2 Nc4 14. Ne5 Qb7 15. Rfe1 Nxe5 16. Bxe5 h6 17. Re3 Nd7 18. Rae1 Nxe5 19. Rxe5 Be7 20. Qe2 O-O 21. Qh5 Bf6 22. R5e3 Rfc8 23. Rf3 Qb6 24. Rxf6 Rc7 25. Rf3 Rac8 26. Rg3 f5 27. Qxh6 1-0

[Event "Quebec op U2000"]
[Site "Ste-Foy CAN"]
[Date "2017.08.15"]
[Round "5.22"]
[White "Pecorini, Angie"]
[Black "Tinica, Gabriel"]
[Result "1/2-1/2"]
[WhiteElo "1901"]
[BlackElo "1880"]
[WhiteFideId "-1"]
[WhiteFideId "-1"]
[PlyCount "98"]
[GameId "2160767908347357"]
[EventDate "2017.08.12"]
[EventType "swiss"]
[EventRounds "9"]
[EventCountry "CAN"]
[SourceTitle "EXT 2022"]
[Source "ChessBase"]
[SourceDate "2021.10.06"]
[SourceVersion "1"]
[SourceVersionDate "2021.10.06"]
[SourceQuality "1"]

1. d4 Nf6 2. c4 g6 3. Nc3 Bg7 4. e4 O-O 5. f3 d6 6. Bg5 c5 7. d5 e6 8. Qd2 exd5 9. cxd5 a6 10. a4 Qa5 11. Ra3 Nbd7 12. Nh3 Re8 13. Be2 Rb8 14. O-O Qc7 15. Nf2 c4 16. Na2 b5 17. axb5 axb5 18. b3 c3 19. Qc2 b4 20. Ra4 Nc5 21. Rxb4 Rxb4 22. Nxb4 Qb6 23. Nc6 Qxb3 24. Qxb3 Nxb3 25. Bb5 Bd7 26. Rb1 Nc5 27. Bf4 Nb7 28. g4 Kh8 29. Nd3 Ra8 30. Bc4 Nd8 31. Ndb4 Ne8 32. Kf2 Rc8 33. Bb5 Ra8 34. Nxd8 Rxd8 35. Bxd7 Rxd7 36. Nc6 Kg8 37. g5 f6 38. h4 Kf7 39. Rb8 fxg5 40. hxg5 Kf8 41. Ke2 Kf7 42. Be3 Nc7 43. Kd3 Be5 44. f4 Bg7 45. f5 gxf5 46. exf5 Nxd5 47. Nd8+ Ke7 48. Nc6+ Kf7 49. Nd8+ Ke7 1/2-1/2

[Event "Quebec op U2000"]
[Site "Ste-Foy CAN"]
[Date "2017.08.15"]
[Round "5.23"]
[White "Sauve, Richard"]
[Black "Fecteau, Martin"]
[Result "0-1"]
[WhiteElo "1857"]
[BlackElo "1947"]
[WhiteFideId "-1"]
[WhiteFideId "-1"]
[PlyCount "92"]
[GameId "2160767908347358"]
[EventDate "2017.08.12"]
[EventType "swiss"]
[EventRounds "9"]
[EventCountry "CAN"]
[SourceTitle "EXT 2022"]
[Source "ChessBase"]
[SourceDate "2021.10.06"]
[SourceVersion "1"]
[SourceVersionDate "2021.10.06"]
[SourceQuality "1"]

1. d4 d5 2. c4 c6 3. e3 Nf6 4. Nc3 a6 5. Nf3 e6 6. Qc2 Nbd7 7. b3 Bd6 8. Bd3 O-O 9. O-O h6 10. Bb2 b5 11. Rac1 Bb7 12. a4 dxc4 13. bxc4 b4 14. Ne4 Nxe4 15. Bxe4 Nf6 16. Bd3 c5 17. e4 Nd7 18. d5 e5 19. g3 g6 20. Nh4 Be7 21. Ng2 Bf6 22. f4 Bg7 23. Rf2 Qe7 24. Rcf1 a5 25. Ne1 f6 26. Nf3 g5 27. fxe5 fxe5 28. Nd2 Rxf2 29. Rxf2 Nf6 30. Nb3 Ng4 31. Rf3 Bc8 32. h3 Nf6 33. Qf2 g4 34. hxg4 Bxg4 35. Rxf6 Bxf6 36. Qxc5 Qxc5+ 37. Nxc5 Be7 38. Ne6 Bxe6 39. dxe6 Bc5+ 40. Kf1 Rf8+ 41. Ke1 Bf2+ 42. Kd2 Bxg3 43. c5 Rc8 44. Bb5 Kf8 45. c6 Ke7 46. Ke2 Bf4 0-1

[Event "Quebec op U2000"]
[Site "Ste-Foy CAN"]
[Date "2017.08.16"]
[Round "5.24"]
[White "Robillard, Jean-Philippe"]
[Black "Liard, Serge"]
[Result "0-1"]
[WhiteElo "1825"]
[BlackElo "1991"]
[WhiteFideId "-1"]
[WhiteFideId "-1"]
[PlyCount "146"]
[GameId "2160767908347359"]
[EventDate "2017.08.12"]
[EventType "swiss"]
[EventRounds "9"]
[EventCountry "CAN"]
[SourceTitle "hb 2017"]

1. d4 d5 2. c4 c6 3. Nf3 Nf6 4. Nbd2 Bf5 5. cxd5 cxd5 6. e3 Nbd7 7. Be2 h6 8. O-O e6 9. Qb3 Rb8 10. Bd3 Bxd3 11. Qxd3 Bd6 12. e4 dxe4 13. Nxe4 Nxe4 14. Qxe4 Nf6 15. Qh4 Nd5 16. Qg4 Qf6 17. Re1 g6 18. Ne5 Rd8 19. Bd2 Bc7 20. Re4 Qf5 21. Qh4 g5 22. Qh5 Rh7 23. Qe2 Kf8 24. f4 Nf6 25. Bb4+ Kg8 26. Re3 Nd5 27. g4 Qf6 28. fxg5 hxg5 29. Rf3 Qh6 30. Ba3 Nf4 31. Rxf4 gxf4 32. Nf3 Qg7 33. Kh1 Bb6 34. Qb5 Qg6 35. Be7 Qe4 36. Rf1 Rc8 37. Bf6 Qd5 38. Qb3 Qc6 39. Rf2 Qc1+ 40. Kg2 Qc6 41. Qb4 Bc7 42. Qb3 Bd6 43. Rd2 Qd5 44. Qa4 a6 45. Qd7 Qc6 46. Qxc6 bxc6 47. h4 Bf8 48. h5 Bg7 49. Bxg7 Rxg7 50. Kh3 f6 51. Rf2 Kh8 52. Nh4 e5 53. Nf5 Rd7 54. Rd2 exd4 55. Rd3 c5 56. b3 c4 57. bxc4 Rxc4 58. Kg2 Rc2+ 59. Kf3 Rc3 60. Ke4 Rxd3 61. Kxd3 f3 62. Ng3 Rg7 63. Ke4 Rxg4+ 64. Kxf3 Rxg3+ 65. Kxg3 Kg7 66. Kf3 f5 67. Ke2 Kh6 68. Kd3 Kxh5 69. Kxd4 Kg4 70. Ke3 Kg3 71. Ke2 a5 72. a4 f4 73. Kf1 Kf3 0-1

[Event "Quebec op U2000"]
[Site "Ste-Foy CAN"]
[Date "2017.08.15"]
[Round "5.25"]
[White "Desbiens, Raphael"]
[Black "Dube, Dominic"]
[Result "1-0"]
[WhiteElo "1954"]
[BlackElo "1914"]
[WhiteFideId "-1"]
[WhiteFideId "-1"]
[PlyCount "151"]
[GameId "2160767908347360"]
[EventDate "2017.08.12"]
[EventType "swiss"]
[EventRounds "9"]
[EventCountry "CAN"]
[SourceTitle "EXT 2022"]
[Source "ChessBase"]
[SourceDate "2021.10.06"]
[SourceVersion "1"]
[SourceVersionDate "2021.10.06"]
[SourceQuality "1"]

1. e4 c6 2. d4 d5 3. Nc3 dxe4 4. Nxe4 Bf5 5. Ng3 Bg6 6. h4 h6 7. Nf3 Nd7 8. h5 Bh7 9. Bd3 Bxd3 10. Qxd3 Qc7 11. Rh4 e6 12. Bf4 Bd6 13. Bxd6 Qxd6 14. O-O-O Ngf6 15. Kb1 O-O-O 16. Ne4 Nxe4 17. Rxe4 Nf6 18. Rh4 Qe7 19. c4 Rd6 20. Qe2 Rhd8 21. Rhh1 Nd7 22. d5 cxd5 23. cxd5 e5 24. Nh4 Qf6 25. Qg4 Rb6 26. Qf5 Kb8 27. f3 Qd6 28. Qd3 Qb4 29. Qd2 Qxd2 30. Rxd2 Nf6 31. Nf5 Nxd5 32. Rd3 Kc7 33. Rhd1 Rf6 34. g4 g6 35. hxg6 fxg6 36. Ne7 Nxe7 37. Rxd8 Nc6 38. R8d7+ Kb6 39. R7d6 Rxf3 40. Rxg6 Rg3 41. Rh1 Kc5 42. Rg7 b5 43. Rc1+ Kd5 44. Rd7+ Ke6 45. Rh7 Nd4 46. Rxh6+ Kd5 47. Rg6 e4 48. Rg8 e3 49. g5 e2 50. g6 Ke4 51. g7 Kd3 52. Re1 Rg2 53. a3 a5 54. Rxe2 Rxe2 55. Rd8 Rg2 56. g8=Q Rxg8 57. Rxg8 a4 58. Kc1 Nb3+ 59. Kd1 Nd4 60. Rg3+ Kc4 61. Rc3+ Kd5 62. Kd2 Ne6 63. Rh3 Kd4 64. Rh4+ Kc5 65. Kc3 Nc7 66. Rh5+ Kb6 67. Re5 Na6 68. Re6+ Ka5 69. Rc6 Nb8 70. Rc8 Na6 71. Rh8 Kb6 72. Kd4 Ka5 73. Rh6 Nc7 74. Rh7 Na6 75. Rb7 b4 76. Kc4 1-0

[Event "Quebec op U2000"]
[Site "Ste-Foy CAN"]
[Date "2017.08.15"]
[Round "5.26"]
[White "Perreault, Jacquelin"]
[Black "Beauchesne, Jonathan"]
[Result "1-0"]
[WhiteElo "1665"]
[BlackElo "1778"]
[WhiteFideId "-1"]
[WhiteFideId "-1"]
[PlyCount "77"]
[GameId "2160767908347361"]
[EventDate "2017.08.12"]
[EventType "swiss"]
[EventRounds "9"]
[EventCountry "CAN"]
[SourceTitle "EXT 2022"]
[Source "ChessBase"]
[SourceDate "2021.10.06"]
[SourceVersion "1"]
[SourceVersionDate "2021.10.06"]
[SourceQuality "1"]

1. e4 c5 2. Nf3 d6 3. d4 cxd4 4. Nxd4 Nf6 5. Nc3 g6 6. Be3 Bg7 7. f3 Nc6 8. Qd2 Bd7 9. Bc4 O-O 10. O-O-O Rc8 11. Bb3 Na5 12. h4 h5 13. Bg5 Nxb3+ 14. Nxb3 b5 15. g4 b4 16. Nd5 Nxd5 17. exd5 hxg4 18. Nd4 Rc4 19. Nc6 Bxc6 20. dxc6 Qc7 21. h5 Qxc6 22. h6 Bd4 23. h7+ Kh8 24. Bxe7 Bg7 25. Bxf8 Bxf8 26. fxg4 a5 27. Kb1 a4 28. Qg5 Qa8 29. Qf6+ Bg7 30. Qxf7 Rc8 31. Qd5 Qa7 32. Qxd6 Qa5 33. Rd5 Qa8 34. Rhd1 Rf8 35. Qe6 Qb8 36. Rd7 Qf4 37. Rd8 a3 38. Rxf8+ Bxf8 39. Qg8# 1-0

[Event "Quebec op U2000"]
[Site "Ste-Foy CAN"]
[Date "2017.08.15"]
[Round "5.27"]
[White "Abran, David"]
[Black "Lapierre, Gaetan"]
[Result "1-0"]
[WhiteElo "1778"]
[BlackElo "1926"]
[WhiteFideId "-1"]
[WhiteFideId "-1"]
[PlyCount "169"]
[GameId "2160767908347362"]
[EventDate "2017.08.12"]
[EventType "swiss"]
[EventRounds "9"]
[EventCountry "CAN"]
[SourceTitle "EXT 2022"]
[Source "ChessBase"]
[SourceDate "2021.10.06"]
[SourceVersion "1"]
[SourceVersionDate "2021.10.06"]
[SourceQuality "1"]

1. e4 d6 2. f4 Nf6 3. Nc3 g6 4. Nf3 Bg7 5. Be2 c5 6. O-O O-O 7. d3 Nc6 8. h3 a6 9. Be3 b5 10. Qd2 Nh5 11. Kh2 b4 12. Nd1 f5 13. c3 e5 14. exf5 exf4 15. Bxf4 Nxf4 16. Qxf4 Rxf5 17. Qc4+ Kh8 18. Ne3 Rf8 19. d4 bxc3 20. bxc3 Na5 21. Qd3 Bb7 22. Nd2 Qe7 23. Bf3 Rae8 24. Rae1 Qg5 25. g3 cxd4 26. cxd4 Bxf3 27. Nxf3 Qb5 28. Rd1 Qxd3 29. Rxd3 Nc6 30. Kg2 Bh6 31. Nc4 Nb4 32. Rb3 Nxa2 33. Nxd6 Re6 34. Rb6 Nc3 35. Nf7+ Rxf7 36. Rxe6 Nd5 37. Rb1 a5 38. Re5 Ne3+ 39. Kf2 Nc4 40. Re8+ Kg7 41. Ke2 Rxf3 42. Kxf3 Nd2+ 43. Ke2 Nxb1 44. Rb8 Nc3+ 45. Kd3 Nd5 46. Ra8 Nf6 47. Rxa5 Kf7 48. d5 Bf8 49. Ra7+ Ke8 50. Kd4 Bd6 51. g4 g5 52. Rg7 Bf4 53. Kc5 Kf8 54. Rb7 h5 55. gxh5 Nxh5 56. d6 Nf6 57. Kc6 Ne4 58. Rb8+ Kf7 59. d7 Bxb8 60. d8=Q Bd6 61. Kd5 Be7 62. Qb6 Nf6+ 63. Kc4 Ng8 64. Qf2+ Bf6 65. Kc5 Ne7 66. Kd6 Ng6 67. Qa2+ Kg7 68. Ke6 Nf8+ 69. Kf5 Ng6 70. Qa8 Ne7+ 71. Ke6 Ng6 72. Qe8 Nf8+ 73. Kf5 Nh7 74. Qg6+ Kh8 75. Qf7 Bg7 76. Kg6 Nf8+ 77. Kxg5 Nh7+ 78. Kf5 Nf8 79. h4 Kh7 80. h5 Kh6 81. Qg8 Nh7 82. Qe6+ Nf6 83. Qf7 Kh7 84. Qg6+ Kh8 85. h6 1-0

[Event "Quebec op U2000"]
[Site "Ste-Foy CAN"]
[Date "2017.08.15"]
[Round "5.28"]
[White "Lalonde, Jean-Louis"]
[Black "Cummins, Paul"]
[Result "1/2-1/2"]
[WhiteElo "1891"]
[BlackElo "1781"]
[WhiteFideId "-1"]
[WhiteFideId "-1"]
[PlyCount "96"]
[GameId "2160767908347363"]
[EventDate "2017.08.12"]
[EventType "swiss"]
[EventRounds "9"]
[EventCountry "CAN"]
[SourceTitle "EXT 2022"]
[Source "ChessBase"]
[SourceDate "2021.10.06"]
[SourceVersion "1"]
[SourceVersionDate "2021.10.06"]
[SourceQuality "1"]

1. Nf3 Nf6 2. d4 e6 3. c4 b6 4. g3 Bb7 5. Bg2 Bb4+ 6. Bd2 Be7 7. Nc3 O-O 8. O-O c5 9. Be3 d5 10. Ne5 Qc8 11. cxd5 exd5 12. Rc1 c4 13. b3 Nbd7 14. Bg5 Ba3 15. Rc2 h6 16. Bd2 cxb3 17. axb3 Qe8 18. Nb5 Qe7 19. Nxd7 Nxd7 20. Rc7 Bc8 21. Bxd5 Bd6 22. Rxa7 Rxa7 23. Nxa7 Ba6 24. Nc6 Qxe2 25. Qxe2 Bxe2 26. Re1 Bh5 27. Ne7+ Bxe7 28. Rxe7 Rd8 29. Bc6 Nf6 30. Be3 Nd5 31. Bxd5 Rxd5 32. Re5 Rxe5 33. dxe5 Bd1 34. b4 b5 35. f4 g6 36. Kf2 Bg4 37. Kg2 h5 38. h3 Be6 39. Bc5 Kg7 40. Be7 f5 41. exf6+ Kf7 42. h4 Bf5 43. Kf3 Ke6 44. Ke3 Bg4 45. f5+ Bxf5 46. Kf4 Bd3 47. g4 hxg4 48. Kxg4 Kf7 1/2-1/2

[Event "Quebec op U2000"]
[Site "Ste-Foy CAN"]
[Date "2017.08.15"]
[Round "5.29"]
[White "Boulianne, Gabriel"]
[Black "Genest, Dominic"]
[Result "1-0"]
[WhiteElo "1832"]
[BlackElo "1757"]
[WhiteFideId "-1"]
[WhiteFideId "-1"]
[PlyCount "85"]
[GameId "2160767908347364"]
[EventDate "2017.08.12"]
[EventType "swiss"]
[EventRounds "9"]
[EventCountry "CAN"]
[SourceTitle "EXT 2022"]
[Source "ChessBase"]
[SourceDate "2021.10.06"]
[SourceVersion "1"]
[SourceVersionDate "2021.10.06"]
[SourceQuality "1"]

1. e4 c5 2. Nf3 d6 3. d4 cxd4 4. Nxd4 Nf6 5. Nc3 g6 6. f4 Nc6 7. Nxc6 bxc6 8. e5 Nd7 9. Qf3 d5 10. b3 e6 11. Be2 a5 12. O-O Ba6 13. Bb2 Bxe2 14. Qxe2 Qb6+ 15. Kh1 a4 16. Rab1 axb3 17. axb3 Bb4 18. Na4 Qb5 19. Qf2 h5 20. Ra1 O-O 21. Rfc1 Qb7 22. Bd4 Be7 23. Nc5 Nxc5 24. Bxc5 Bxc5 25. Qxc5 Rfb8 26. h3 Ra6 27. Qc3 Rb6 28. Ra5 Rb4 29. g3 Rb5 30. Rca1 c5 31. Ra7 Qc6 32. R1a6 R5b6 33. Qa5 d4+ 34. Kh2 Rxa6 35. Qxa6 Qf3 36. Qd6 Qf2+ 37. Kh1 Qe1+ 38. Kh2 Qe2+ 39. Kh1 Qd1+ 40. Kh2 Qxc2+ 41. Kg1 Rxb3 42. Qd8+ Kg7 43. Qf6+ 1-0

[Event "Quebec op U2000"]
[Site "Ste-Foy CAN"]
[Date "2017.08.15"]
[Round "5.32"]
[White "Potvin, Alain-Nicolas"]
[Black "Bourassa, Andre"]
[Result "1/2-1/2"]
[WhiteElo "1838"]
[BlackElo "1825"]
[WhiteFideId "-1"]
[WhiteFideId "-1"]
[PlyCount "83"]
[GameId "2160767908347365"]
[EventDate "2017.08.12"]
[EventType "swiss"]
[EventRounds "9"]
[EventCountry "CAN"]
[SourceTitle "EXT 2022"]
[Source "ChessBase"]
[SourceDate "2021.10.06"]
[SourceVersion "1"]
[SourceVersionDate "2021.10.06"]
[SourceQuality "1"]

1. d4 d5 2. Nf3 Nf6 3. e3 e6 4. Bd3 Bd6 5. O-O c6 6. b3 O-O 7. Bb2 h6 8. Ne5 Bxe5 9. dxe5 Ne4 10. Bxe4 dxe4 11. Nc3 Qxd1 12. Raxd1 Na6 13. Nxe4 b6 14. Rd2 c5 15. Rfd1 Bb7 16. Ng3 Bc6 17. c4 g6 18. f4 Rfe8 19. a3 Kf8 20. Bc3 Rac8 21. Kf2 Nb8 22. Ne2 Ke7 23. g4 Red8 24. h4 Rxd2 25. Rxd2 Rd8 26. Rxd8 Kxd8 27. Ng3 a6 28. e4 Nd7 29. Ke3 Kc7 30. h5 Nf8 31. hxg6 fxg6 32. f5 Be8 33. f6 Nh7 34. Kf4 Kd7 35. Nf1 Kd8 36. Nd2 Ng5 37. Kg3 Bc6 38. Kf4 Ke8 39. Bb2 Nh3+ 40. Kg3 Ng5 41. Kf4 Nh3+ 42. Kg3 1/2-1/2

[Event "Quebec op U2000"]
[Site "Ste-Foy CAN"]
[Date "2017.08.15"]
[Round "5.33"]
[White "Rouleau, Claude"]
[Black "Leblanc-Legault, Mathieu"]
[Result "0-1"]
[WhiteElo "1714"]
[BlackElo "1727"]
[WhiteFideId "-1"]
[WhiteFideId "-1"]
[PlyCount "54"]
[GameId "2160767908347366"]
[EventDate "2017.08.12"]
[EventType "swiss"]
[EventRounds "9"]
[EventCountry "CAN"]
[SourceTitle "EXT 2022"]
[Source "ChessBase"]
[SourceDate "2021.10.06"]
[SourceVersion "1"]
[SourceVersionDate "2021.10.06"]
[SourceQuality "1"]

1. e4 c6 2. Nf3 d5 3. exd5 cxd5 4. d4 Nf6 5. Bg5 Ne4 6. Nbd2 Bg4 7. Be2 Nc6 8. c3 Nxg5 9. Nxg5 Bf5 10. Ngf3 e6 11. O-O Bd6 12. Nb3 O-O 13. Nc5 Qc7 14. Nd3 f6 15. Nde1 Be4 16. g3 e5 17. dxe5 Nxe5 18. Nxe5 fxe5 19. Bf3 Qb6 20. Bxe4 dxe4 21. Qb3+ Qxb3 22. axb3 Bc5 23. Rd1 Rad8 24. Rc1 e3 25. Rc2 exf2+ 26. Kg2 fxe1=Q 27. Rxe1 Bd6 0-1

[Event "Quebec op U2000"]
[Site "Ste-Foy CAN"]
[Date "2017.08.16"]
[Round "6.20"]
[White "Liard, Serge"]
[Black "Fecteau, Martin"]
[Result "1-0"]
[WhiteElo "1991"]
[BlackElo "1947"]
[WhiteFideId "-1"]
[WhiteFideId "-1"]
[PlyCount "121"]
[GameId "2160767908347367"]
[EventDate "2017.08.12"]
[EventType "swiss"]
[EventRounds "9"]
[EventCountry "CAN"]
[SourceTitle "EXT 2022"]
[Source "ChessBase"]
[SourceDate "2021.10.06"]
[SourceVersion "1"]
[SourceVersionDate "2021.10.06"]
[SourceQuality "1"]

1. e4 c5 2. Nf3 Nc6 3. c4 g6 4. d4 cxd4 5. Nxd4 Bg7 6. Be3 d6 7. Nc3 Nf6 8. Be2 Bd7 9. O-O O-O 10. h3 Rc8 11. Rc1 Nxd4 12. Bxd4 Bc6 13. Qd3 b6 14. Be3 Nd7 15. f3 Bb7 16. Qd2 a6 17. Rfd1 Nc5 18. Bh6 Qc7 19. Bxg7 Kxg7 20. b4 Nd7 21. Nd5 Bxd5 22. cxd5 Qb7 23. b5 axb5 24. Bxb5 Nc5 25. Bc6 Qa7 26. Rb1 Rb8 27. Kh1 f6 28. Rb5 Qa3 29. Rdb1 Rfc8 30. Rxb6 Rxb6 31. Rxb6 Rc7 32. Rb2 Ra7 33. Rc2 Qa6 34. Qe2 Qxe2 35. Rxe2 Kh6 36. a4 Kg5 37. g3 Nd3 38. Kh2 h5 39. h4+ Kh6 40. Kg1 g5 41. Rd2 Ne5 42. Kf2 gxh4 43. gxh4 Ra5 44. Bb5 Ra8 45. Rc2 Ra7 46. Rc8 Kg7 47. Ke3 Rb7 48. Rc1 Kf7 49. Rg1 Rc7 50. Bc6 Ra7 51. Rb1 Nxc6 52. dxc6 Rxa4 53. Rc1 Ra8 54. Kd4 e6 55. Kc4 Ke7 56. Kb5 d5 57. exd5 exd5 58. Kb6 Rc8 59. Kb7 Kd8 60. Rg1 Rc7+ 61. Kb6 1-0

[Event "Quebec op U2000"]
[Site "Ste-Foy CAN"]
[Date "2017.08.16"]
[Round "6.21"]
[White "Tinica, Gabriel"]
[Black "Desbiens, Raphael"]
[Result "1-0"]
[WhiteElo "1880"]
[BlackElo "1954"]
[WhiteFideId "-1"]
[WhiteFideId "-1"]
[PlyCount "65"]
[GameId "2160767908347368"]
[EventDate "2017.08.12"]
[EventType "swiss"]
[EventRounds "9"]
[EventCountry "CAN"]
[SourceTitle "EXT 2022"]
[Source "ChessBase"]
[SourceDate "2021.10.06"]
[SourceVersion "1"]
[SourceVersionDate "2021.10.06"]
[SourceQuality "1"]

1. d4 Nf6 2. c4 g6 3. Nc3 d5 4. cxd5 Nxd5 5. e4 Nxc3 6. bxc3 Bg7 7. Bc4 c5 8. Ne2 Nc6 9. Be3 O-O 10. O-O Qc7 11. Rc1 Rd8 12. h3 b6 13. f4 Na5 14. Bd3 f5 15. exf5 Bxf5 16. Bxf5 gxf5 17. Ng3 e6 18. Nh5 Nc4 19. Bf2 cxd4 20. Nxg7 Qxg7 21. Bxd4 Ne3 22. Qf3 Qxg2+ 23. Qxg2+ Nxg2 24. Kxg2 Kf7 25. Kf3 b5 26. Rg1 b4 27. Rg7+ Kf8 28. Rcg1 Rac8 29. cxb4 h5 30. Bc5+ Ke8 31. Re7+ Kf8 32. Rxa7+ Ke8 33. Rg8# 1-0

[Event "Quebec op U2000"]
[Site "Ste-Foy CAN"]
[Date "2017.08.16"]
[Round "6.22"]
[White "Perreault, Jacquelin"]
[Black "Pecorini, Angie"]
[Result "0-1"]
[WhiteElo "1665"]
[BlackElo "1901"]
[WhiteFideId "-1"]
[WhiteFideId "-1"]
[PlyCount "100"]
[GameId "2160767908347369"]
[EventDate "2017.08.12"]
[EventType "swiss"]
[EventRounds "9"]
[EventCountry "CAN"]
[SourceTitle "EXT 2022"]
[Source "ChessBase"]
[SourceDate "2021.10.06"]
[SourceVersion "1"]
[SourceVersionDate "2021.10.06"]
[SourceQuality "1"]

1. e4 c5 2. Nf3 d6 3. d4 cxd4 4. Nxd4 Nf6 5. Nc3 Nc6 6. Be3 Ng4 7. Bg5 Qb6 8. Bb5 Bd7 9. Bxc6 bxc6 10. O-O Qxb2 11. Qd2 f6 12. Rab1 Qa3 13. Bh4 e5 14. Nde2 Be7 15. h3 Nh6 16. Rb3 Qa6 17. f4 Be6 18. Rb2 Rd8 19. Rfb1 Bc4 20. Kh1 d5 21. exd5 Bxe2 22. Qxe2 Qxe2 23. Nxe2 cxd5 24. fxe5 fxe5 25. Bxe7 Kxe7 26. Rb7+ Kf6 27. Rxa7 Nf5 28. Rbb7 h5 29. Rb6+ Kg5 30. g3 Rhf8 31. Raa6 Rf6 32. a4 Rxb6 33. Rxb6 Ne3 34. c3 Ra8 35. Rb4 Kf5 36. Kg1 g5 37. Kf2 Nc2 38. g4+ hxg4 39. hxg4+ Ke6 40. Rb6+ Kd7 41. Rg6 Rxa4 42. Rxg5 Re4 43. Rg8 Ne3 44. Kf3 Nd1 45. Ng3 Rf4+ 46. Ke2 Nxc3+ 47. Kd2 d4 48. Nh5 Ne4+ 49. Ke1 Rf3 50. g5 d3 0-1

[Event "Quebec op U2000"]
[Site "Ste-Foy CAN"]
[Date "2017.08.16"]
[Round "6.24"]
[White "Sarra-Bournet, Marc"]
[Black "Abran, David"]
[Result "1/2-1/2"]
[WhiteElo "1793"]
[BlackElo "1778"]
[WhiteFideId "-1"]
[WhiteFideId "-1"]
[PlyCount "132"]
[GameId "2160767908347370"]
[EventDate "2017.08.12"]
[EventType "swiss"]
[EventRounds "9"]
[EventCountry "CAN"]
[SourceTitle "EXT 2022"]
[Source "ChessBase"]
[SourceDate "2021.10.06"]
[SourceVersion "1"]
[SourceVersionDate "2021.10.06"]
[SourceQuality "1"]

1. e4 c6 2. d4 d5 3. Nc3 dxe4 4. Nxe4 Nf6 5. Nxf6+ gxf6 6. g3 Bf5 7. Bg2 e6 8. Ne2 Bd6 9. O-O Qc7 10. c4 Nd7 11. Be3 O-O-O 12. d5 c5 13. Nc3 a6 14. Rc1 Bg6 15. b4 cxb4 16. Na4 Nc5 17. Nxc5 Bxc5 18. Bf4 e5 19. Be3 h5 20. Qf3 Rd6 21. h4 Kb8 22. Rfe1 b6 23. Kh2 a5 24. Qe2 Qd7 25. f4 Re8 26. Bd2 Qa4 27. fxe5 fxe5 28. Bf4 f6 29. Be3 Qd7 30. Bf3 Qf7 31. Bxc5 bxc5 32. Qe3 Rc8 33. Qb3 Qd7 34. Qd1 Qe8 35. a3 Ra6 36. d6 Qd7 37. Qd5 Rcc6 38. Qg8+ Be8 39. Bxc6 Rxc6 40. Red1 Kb7 41. Qf8 Qe6 42. Qe7+ Qxe7 43. dxe7 Re6 44. Rf1 Rxe7 45. Rxf6 Rd7 46. Re6 Rd2+ 47. Kg1 Bc6 48. Rxe5 Rg2+ 49. Kf1 Rxg3 50. axb4 cxb4 51. Rxh5 a4 52. Kf2 Rh3 53. Rh7+ Kb6 54. c5+ Kb5 55. Rh8 a3 56. Rb8+ Ka4 57. Rb6 Bb5 58. c6 Bxc6 59. Rbxc6 Rxh4 60. Rb1 a2 61. Re1 b3 62. Ra6+ Kb5 63. Ra8 Rc4 64. Ke3 Kb4 65. Kd3 Rc3+ 66. Kd2 Rc2+ 1/2-1/2

[Event "Quebec op U2000"]
[Site "Ste-Foy CAN"]
[Date "2017.08.16"]
[Round "6.26"]
[White "Beauchesne, Jonathan"]
[Black "Lalonde, Jean-Louis"]
[Result "0-1"]
[WhiteElo "1778"]
[BlackElo "1891"]
[WhiteFideId "-1"]
[WhiteFideId "-1"]
[PlyCount "90"]
[GameId "2160767908347371"]
[EventDate "2017.08.12"]
[EventType "swiss"]
[EventRounds "9"]
[EventCountry "CAN"]
[SourceTitle "EXT 2022"]
[Source "ChessBase"]
[SourceDate "2021.10.06"]
[SourceVersion "1"]
[SourceVersionDate "2021.10.06"]
[SourceQuality "1"]

1. e4 c5 2. Nf3 Nc6 3. d3 d6 4. g3 g6 5. Bg2 Bg7 6. O-O Nf6 7. c3 O-O 8. a4 Bd7 9. Nbd2 a6 10. Nc4 b5 11. Ne3 b4 12. Bd2 a5 13. c4 Ng4 14. b3 Nxe3 15. Bxe3 Bxa1 16. Qxa1 e5 17. Nd2 Nd4 18. Bxd4 cxd4 19. Qd1 Ra7 20. Qe2 Qc8 21. f3 h5 22. Rc1 Rc7 23. Rf1 Bh3 24. Bxh3 Qxh3 25. Qg2 Qxg2+ 26. Kxg2 f5 27. Rf2 Kg7 28. Rf1 Kf6 29. Rc1 Ke6 30. Rf1 fxe4 31. fxe4 Rxf1 32. Kxf1 g5 33. Kg2 g4 34. Kg1 Kf6 35. Kg2 Kg5 36. Kg1 Rf7 37. Kg2 h4 38. gxh4+ Kxh4 39. Nf1 Rf3 40. Ng3 Rxd3 41. Nf5+ Kg5 42. Nxd6 Kf4 43. c5 Rxb3 44. Kf1 Rc3 45. Nb7 b3 0-1

[Event "Quebec op U2000"]
[Site "Ste-Foy CAN"]
[Date "2017.08.16"]
[Round "6.27"]
[White "Cummins, Paul"]
[Black "Pecorini, Jean Marc"]
[Result "1/2-1/2"]
[WhiteElo "1781"]
[BlackElo "1744"]
[WhiteFideId "-1"]
[WhiteFideId "-1"]
[PlyCount "113"]
[GameId "2160767908347372"]
[EventDate "2017.08.12"]
[EventType "swiss"]
[EventRounds "9"]
[EventCountry "CAN"]
[SourceTitle "hb 2017"]

1. e4 c5 2. Nf3 e6 3. c3 Nf6 4. e5 Nd5 5. d4 d6 6. dxc5 dxe5 7. Nxe5 Bxc5 8. Nd3 Bb6 9. Be2 Nd7 10. O-O Qc7 11. Na3 O-O 12. c4 N5f6 13. Qc2 a6 14. b4 Bd4 15. Rb1 Ne4 16. Bf3 Ndf6 17. Re1 Nc3 18. Rb3 Na4 19. Nf4 Bd7 20. Nh5 Nxh5 21. Bxh5 g6 22. Bf3 Nb6 23. Qe4 e5 24. Qh4 Qd8 25. Bg5 f6 26. Bh6 Re8 27. c5 Be6 28. Rbb1 Nd5 29. Rbd1 f5 30. Bg5 Ne7 31. Rxd4 Qxd4 32. Qxd4 exd4 33. Rxe6 Nc6 34. Bd5 Rxe6 35. Bxe6+ Kf8 36. Kf1 Nxb4 37. Bd2 Nd3 38. Bd5 Rc8 39. Be6 Rc7 40. Bb3 Nxc5 41. Bb4 Kg7 42. Bc4 Kf6 43. Nc2 Rc8 44. Nxd4 Ne4 45. Bb3 Nc5 46. Bxc5 Rxc5 47. Ke2 g5 48. g3 Re5+ 49. Kd2 h5 50. f4 gxf4 51. gxf4 Re4 52. Ne2 Re7 53. Nd4 Rg7 54. Nf3 Re7 55. Ne5 Rg7 56. Ke3 Rc7 57. Bc4 1/2-1/2